| 000 | 00832mam a2200265 a 4500 | ||
|---|---|---|---|
| 008 | |||
| 020 | _a0632034351 (pbk) | ||
| 049 | _aMAIN | ||
| 090 | _aRC76 TAL | ||
| 100 | 1 | _aTalley, Nicholas J. | |
| 245 | 1 | 0 |
_aClinical examination : _ba systematic guide to physical diagnosis / _cNicholas J. Talley, Simon O'Connor. |
| 250 | _a2nd ed. | ||
| 260 |
_aOxford ; _aBoston : _bBlackwell Scientific, _c1992. |
||
| 300 |
_axxiv, 443 p. : _bill. (some col.) ; _c24 cm. |
||
| 504 | _aIncludes bibliographical references. | ||
| 650 | 0 | _aPhysical diagnosis. | |
| 650 | 2 |
_aPhysical Examination _xmethods |
|
| 650 | 2 | _aDiagnosis | |
| 700 | 1 | 0 | _aO'Connor, Simon. |
| 907 |
_a.b10256106 _b15-03-12 _c22-05-08 |
||
| 003 | |||
| 005 | 20230120204003.0 | ||
| 040 | _cNUST | ||
| 942 |
_cBOOKS _kRC76 TAL |
||
| 999 |
_c115102 _d115102 |
||